| 000 | 00697nam a22002057a 4500 | ||
|---|---|---|---|
| 999 |
_c8962 _d8962 |
||
| 003 | AR-CdUCM | ||
| 008 | 190327b ||||| |||| 00| 0 spa d | ||
| 040 |
_aMUNICIPALIDAD PROVINCIAL DEL CUSCO _cBIBLIOTECA MUNICIPAL DEL CUSCO |
||
| 082 |
_a616.89 / _bF88 |
||
| 100 |
_aFreud, Sigmund, _923111 |
||
| 245 | _aEl porvenir de las religiones / | ||
| 260 |
_aSantiago de Chile : _bErcilla, _c1936. |
||
| 300 |
_a228 paginas ; _c22 cm. |
||
| 505 | _aContenido :El porvenir de una ilusión --Técnica de la psicoanálisis --Introducción al narcisismo --Ensayos / | ||
| 650 |
_aPsicoanálisis _916757 |
||
| 650 |
_aReligión _91195 |
||
| 650 |
_aCiencia _92098 |
||
| 942 |
_2ddc _cLIBROS |
||
| 945 | _arjall | ||